Feed your genes right : Eat to turn off disease- Causing genes and slow down aging
In Feed Your Genes Right, renowned nutrition expert Jack Challem translates the hugely exciting science of nutrigenomics--which explores the link between nutrition and our own DNA--into practical eating plans and nutritional supplement recommendations for maximizing one's genetic inheritance, s...
Bewaard in:
| Hoofdauteur: | |
|---|---|
| Formaat: | Boek |
| Taal: | Undetermined |
| Gepubliceerd in: |
Hoboken, N.J.
Wiley
2005
|
| Onderwerpen: | |
| Tags: |
Voeg label toe
Geen labels, Wees de eerste die dit record labelt!
|
| Thư viện lưu trữ: | Trung tâm Học liệu Trường Đại học Cần Thơ |
|---|
| LEADER | 01423nam a2200229Ia 4500 | ||
|---|---|---|---|
| 001 | CTU_165655 | ||
| 008 | 210402s9999 xx 000 0 und d | ||
| 020 | |c 10.17 | ||
| 082 | |a 613.2 | ||
| 082 | |b C437 | ||
| 100 | |a Challem, Jack | ||
| 245 | 0 | |a Feed your genes right : | |
| 245 | 0 | |b Eat to turn off disease- Causing genes and slow down aging | |
| 245 | 0 | |c Jack Challem | |
| 260 | |a Hoboken, N.J. | ||
| 260 | |b Wiley | ||
| 260 | |c 2005 | ||
| 520 | |a In Feed Your Genes Right, renowned nutrition expert Jack Challem translates the hugely exciting science of nutrigenomics--which explores the link between nutrition and our own DNA--into practical eating plans and nutritional supplement recommendations for maximizing one's genetic inheritance, slowing the aging process, and reducing the chances of disease. After describing how food and nutrients can help repair flawed or damaged genes, Challem offers specific plans--complete with delicious carb-smart recipes--that target two dozen common or inherited diseases and conditions, including arthritis, cancer, diabetes, fatigue, gluten intolerance, heart disease, and obesity. | ||
| 650 | |a Nutrition,DNA damage,Diet in disease,Dinh dưỡng,Tổn hại DNA,Bệnh ăn kiên | ||
| 650 | |x Genetic aspects,Prevention,Khía cạnh di truyền,Sự ngăn chặn | ||
| 904 | |i Phuong, Năm | ||
| 980 | |a Trung tâm Học liệu Trường Đại học Cần Thơ | ||